000 00430nmm a2200145Ia 4500
008 251105s9999||||xx |||||||||||||||||und||
020 _a9789562847650
041 _aspa
100 _aPeña Muñoz, Manuel
245 0 _aEuropa en la maleta : crónicas de viaje
264 _a[Santiago de Chile, Chile] :
_bRil editores,
_c2010
300 _a382 páginas
856 _uhttps://public.digitaliapublishing.com/a/18676
942 _cCF
999 _c94491
_d94491